00730pam a2200217 i 4500001000800000005001700008008004100025010001700066020002500083050002100108100002000129245012500149260003900274300004100313500002000354650004700374650002000421650002500441700002000466700002600486174403620170203161958.0750607s1975 nyua 001 0 eng  a 75017889  a0823038777 :c$15.9500aND1302 .D37 19751 aDawley, Joseph.10aPainting western character studies :btechniques in oil /cby Joseph Dawley ; as told to Gloria Dawley and Robert Kolbe. aNew York :bWatson-Guptill,c1975. a160 p. :bill. (some col.) ;c29 cm. aIncludes index. 0aIndians of North AmericaxPictorial works. 0aCowboys in art. 0aPaintingxTechnique.1 aDawley, Gloria.1 aKolbe, Robert,d1931-